| 000 | 01040nam a2200277Ia 4500 | ||
|---|---|---|---|
| 003 | OSt | ||
| 005 | 20220923211142.0 | ||
| 006 | a|||||r|||| 00| 0 | ||
| 007 | ta | ||
| 008 | 220922b |||||||| |||| 00| 0 san d | ||
| 020 |
_a8186339671 (hbk) _c400 |
||
| 024 | _a348,631 | ||
| 037 |
_b326, 13/03/2019, Eastern Book Linkers _cTextual |
||
| 040 |
_aARTS _cARTS _bsan |
||
| 041 |
_2san _asan |
||
| 082 | _aO152,1:g(P:75), N7 | ||
| 100 |
_aशर्मा, केदारनाथ, ले. _9158800 |
||
| 245 | 0 | _aरसाभास और भावाभास | |
| 246 | _aRasābhās aur bhāvābhāsa | ||
| 260 |
_aदिल्ली _b ईस्टर्न बुक लिंकर्स _c1997 |
||
| 300 |
_a277पृ0 _ccm. |
||
| 650 |
_a हिन्दी साहित्य _9156264 |
||
| 650 |
_aहिन्दी भाषा _9156368 |
||
| 942 |
_hO152,1:g(P:75), N7 _cTEXL _2CC |
||
| 999 |
_c296000 _d296000 |
||